<?xml version="1.0" encoding="UTF-8"?><?xml-stylesheet type="text/xsl" href="static/style.xsl"?><OAI-PMH xmlns="http://www.openarchives.org/OAI/2.0/" xmlns:xsi="http://www.w3.org/2001/XMLSchema-instance" xsi:schemaLocation="http://www.openarchives.org/OAI/2.0/ http://www.openarchives.org/OAI/2.0/OAI-PMH.xsd"><responseDate>2026-04-13T05:52:22Z</responseDate><request verb="GetRecord" identifier="oai:www.recercat.cat:2445/222527" metadataPrefix="marc">https://recercat.cat/oai/request</request><GetRecord><record><header><identifier>oai:recercat.cat:2445/222527</identifier><datestamp>2025-12-05T14:42:02Z</datestamp><setSpec>com_2072_1057</setSpec><setSpec>col_2072_478917</setSpec><setSpec>col_2072_478922</setSpec></header><metadata><record xmlns="http://www.loc.gov/MARC21/slim" xmlns:dcterms="http://purl.org/dc/terms/" xmlns:xsi="http://www.w3.org/2001/XMLSchema-instance" xmlns:doc="http://www.lyncode.com/xoai" xsi:schemaLocation="http://www.loc.gov/MARC21/slim http://www.loc.gov/standards/marcxml/schema/MARC21slim.xsd">
   <leader>00925njm 22002777a 4500</leader>
   <datafield ind2=" " ind1=" " tag="042">
      <subfield code="a">dc</subfield>
   </datafield>
   <datafield ind2=" " ind1=" " tag="720">
      <subfield code="a">Fonseca Lima, Mariana</subfield>
      <subfield code="e">author</subfield>
   </datafield>
   <datafield ind2=" " ind1=" " tag="720">
      <subfield code="a">Esteve Frigola, Sònia</subfield>
      <subfield code="e">author</subfield>
   </datafield>
   <datafield ind2=" " ind1=" " tag="260">
      <subfield code="c">2025-07-23T11:34:48Z</subfield>
   </datafield>
   <datafield ind2=" " ind1=" " tag="260">
      <subfield code="c">2025-07-23T11:34:48Z</subfield>
   </datafield>
   <datafield ind2=" " ind1=" " tag="260">
      <subfield code="c">2025-07</subfield>
   </datafield>
   <datafield ind2=" " ind1=" " tag="520">
      <subfield code="a">Informe pertanyent al PROJECTE 2023 ARMIF 00017 Disseny i validació d’un model formatiu de pràctiques observacionals i participatives per al professorat universitari a centres d’educació infantil i primària.</subfield>
   </datafield>
   <datafield ind2=" " ind1=" " tag="520">
      <subfield code="a">Aquest informe recull el procés i els resultats obtinguts arrel del grup de discussió final com a eina principal d’anàlisi qualitativa per recollir les percepcions, valoracions i propostes del professorat universitari un cop finalitzades les estades als centres escolars en el marc del projecte 2023 ARMIF 00017. Van participar nou docents practicants en el grup de discussió final. Aquest instrument ha contribuït per assolir els objectius específics d'un diagnòstic comprensiu sobre el coneixement previ del context escolar per part del professorat universitari, d´identificar amb més precisió les seves necessitats formatives i d´orientar el disseny d’un model de formació adaptat a les etapes de 0-6 i 6-12 anys. El grup de discussió final també ha permès avaluar els resultats de les estades, analitzant els canvis observats en la pràctica docent, l’impacte del model en el procés d’ensenyament-aprenentatge i els beneficis percebuts per part dels centres educatius que han acollit els docents. Aquesta tècnica, per tant, ha estat clau tant en la fase diagnòstica com en l’avaluació final del projecte.</subfield>
   </datafield>
   <datafield ind2=" " ind1=" " tag="520">
      <subfield code="a">Agència de Gestió d’Ajuts Universitaris i de Recerca (AGAUR) Departament de Recerca i Universitats Generalitat de Catalunya</subfield>
   </datafield>
   <datafield tag="653" ind2=" " ind1=" ">
      <subfield code="a">Pràctiques pedagògiques</subfield>
   </datafield>
   <datafield tag="653" ind2=" " ind1=" ">
      <subfield code="a">Formació del professorat</subfield>
   </datafield>
   <datafield tag="653" ind2=" " ind1=" ">
      <subfield code="a">Student teaching</subfield>
   </datafield>
   <datafield tag="653" ind2=" " ind1=" ">
      <subfield code="a">Teacher training</subfield>
   </datafield>
   <datafield ind2="0" ind1="0" tag="245">
      <subfield code="a">Informe de resultats parcials. Grup de discussió final</subfield>
   </datafield>
</record></metadata></record></GetRecord></OAI-PMH>